000 00714nam a2200229 a 4500
005 20140310183605.0
008 120717s19uu xx 00 eng d
020 _a9780745645780
050 _aHG 3879
_b.As839 2011
100 _aAspers, Patrik
245 _aMarkets /
_cPatrik Aspers.
260 _aCambridge ; Malden, MA :
_bPolity,
_c2011.
300 _a202 p. :
_c22 cm.
440 _aEconomy and society series (Cambridge, England)
500 _aIncludes bibliographical references (p. [180]-198) and index.
521 _aBSBA
650 _aMarkets
_xSocial aspects
650 _aCapitalism
_xSocial aspects
650 _aEconomics
_xSociological aspects
942 _cBK
_2lcc
_kFOR
999 _c25165
_d25165